Statistics for Star Wars A-Z (Extremely Hard)

Click here to take the quiz!

General Stats

  • This quiz has been taken 1,222 times
  • The average score is 19 of 26

Answer Stats

HintAnswer% Correct
Character who kills Qui Gon JinnDarth Maul
98%
Planet where ewoks livedEndor
97%
The character that says "it's a trap!"Admiral Ackbar
94%
Character killed by the sarlaccBoba Fett
94%
What Han Solo was trapped in at Jabba's PalaceCarbonite
94%
Han and Leia's sonKylo Ren
90%
Character who kills Jango FettMace Windu
90%
First name of Luke and Leia's birth motherPadme
89%
Comic Relief Character in The Phantom MenaceJar Jar Binks
86%
Jedi Master who trains Count Dooku and Luke SkywalkerYoda
85%
Surname of the character BailOrgana
84%
Surname of Luke's adoptive parents in A New HopeLars
81%
Surname of the General in the first order, from the force awakensHux
80%
Straighter that takes the shape of the letter "X"X-Wing
80%
Commander of the first Death StarGrand Moff Tarkin
71%
Creature that was cared for by Jabba's servantsRancor
70%
Organisation of force sensitives who serve Emperor Palpatine and Darth Vader by hunting down Jedi with potentialInquisitors
69%
Ewok played by the actor Warwick DavisWicket
68%
The second name of a character that serves Jabba the Hutt and comes from the planet RylothFortuna
66%
Surname of Mirialan Jedi Master who had Barriss Offee as a padawanUnduli
55%
Jabba the Hutt's uncleZiro
53%
Co Pilot of Lando CalrissianNien Nunb
41%
Wookiee Chieftain who commands the Wookiee warriors with Chewbacca in the battle of KashyyykTarfful
39%
Surname of human male from Mandalore who is leader of the Mandalorian Death Watch FactorVizsla
36%
Queen Amidala's DecoySabe
35%
Surname of character who's pod did not take off in the Phantom Menace, like Anakin'sQuadinaros
18%

Score Distribution

Percentile by Number Answered

Percent of People with Each Score

Your Score History

You have not taken this quiz